90s Grunge/Alternative Bands by Album - Statistics

General Stats
  • This quiz has been taken 680 times
  • The average score is 9 of 15
Answer Stats
Hint Answer % Correct
Nevermind Nirvana
93%
Dookie Green Day
83%
Dirt Alice In Chains
81%
Ten Pearl Jam
81%
Siamese Dream Smashing Pumpkins
75%
Blood Sugar Sex Magik Red Hot Chili Peppers
73%
The Bends Radiohead
66%
Badmotorfinger Soundgarden
60%
Core Stone Temple Pilots
51%
The Downward Spiral Nine Inch Nails
50%
Sixteen Stone Bush
42%
Nothing's Shocking Jane's Addiction
37%
Angel Dust Faith no More
34%
Hints Allegations and Things Left Unsaid Collective Soul
31%
Short Bus Filter
29%
No matching quizzes found
Score Distribution
Percent of People with Each Score
Percentile by Number Answered
Your Score History
You have not taken this quiz